000 00260nam a2200109Ia 4500
008 230320s9999||||xx |||||||||||||| ||spa||
082 _a235/C13
100 _aCebestrero, Teofilo
245 0 _a¿Que Les Pasa A Nuestros Curas?
260 _bPPC
942 _80
_cLIB
999 _c27399
_d27399